Sprawcy operacji (anty)polskiej 1937-1938
| Titel: | Sprawcy operacji (anty)polskiej 1937-1938 : szkice i biogramy / Maciej Maciejowski |
|---|---|
| Verfasser: | |
| Veröffentlicht: | Łomianki : Wydawnictwo LTW, 2021 |
| Umfang: | 234 Seiten ; 21 cm |
| Format: | Buch |
| Sprache: | Polnisch |
| ISBN: | 9788375656770 |
| Hinweise zum Inhalt: |
Inhaltsverzeichnis
|
alg: 47699095 001A $03004:12-03-21 001B $01999:28-04-21 $t11:44:12.000 001D $03004:06-04-21 001U $0utf8 001X $00 002@ $0Aau 002C $aText $btxt $2rdacontent 002D $aohne Hilfsmittel zu benutzen $bn $2rdamedia 002E $aBand $bnc $2rdacarrier 003@ $0476990955 004A $A978-83-7565-677-0 006L $01748024310 $2KXP 007A $01748024310 $aKXP 007G $0DE02087E9EDD5619983DEC12586C400417B05 009P $qapplication/pdf $A2 $3Inhaltsverzeichnis $uhttp://scans.hebis.de/HEBCGI/show.pl?47699095_toc.pdf $mV:DE-603;B:DE-Mb50 010@ $apol 010E $erda 011@ $a2021 $n2021 013D $RBiograf $RLebenslauf $RBiografik $#Biographies $#Biography $#Biographies -- Histoire et critique $#Biographie $#Biographisches Nachschlagewerk $#Lebensbeschreibung $#Berühmte Persönlichkeit Biografie $#Biografisches Nachschlagewerk $74006804-3 $8Biografie [Ts1] $9085010375 021A $aSprawcy operacji (anty)polskiej 1937-1938 $dszkice i biogramy $hMaciej Maciejowski 028A $BVerfasser $4aut $7135618320 $8Maciejowski, Maciej$Z1972- [Tp3] $9199015376 033A $pŁomianki $nWydawnictwo LTW 034D $a234 Seiten 034I $a21 cm 037A $aLiteraturverzeichnis: Seite 213-223 037A $aRegister 044K $qK10plus $RSowjetunion $RSowjetunion $#OGPU $#OGPU pri SNK SSSR $#Sowjetunion, OGPU $#Sowjetunion, Obʺedinennoe Gosudarstvennoe Političeskoe Upravlenie $71041432488 $8Obʺedinennoe Gosudarstvennoe Političeskoe Upravlenie [Tb1] $9328230863 044K $qK10plus $RSowjetunion $#Soviet Union, Narodnyĭ komissariat vnutrennikh del $#СССР, Народный комиссариат внутренних дел $#Sowjetunion, Innenministerium $#Sowjetunion, Volkskommissariat für Innere Angelegenheiten $#SSSR, Narodnyj Komissariat Vnutrennich Del $#Narodnyj Komissariat Vnutrennich Del Sowjetunion $#Volkskommissariat für Innere Angelegenheiten Sowjetunion $#NKVD SSSR $#NKWD $#Narodnyj Komissariat Vnutrennich Del SSSR $#KWD $#Sowjetunion Innenministerium $742358-0 $8Sowjetunion$bNarodnyj Komissariat Vnutrennich Del [Tb1] $9040403734 044K $qK10plus $RPolin $#Polish people $#Polonais $#Polen (Personen) $#Pole $#Polen (Personen) $74046497-0 $8Polen$gVolk [Ts1] $908512981X 044K $qK10plus $RVerfolgter $74127664-4 $8Verfolgung [Ts1] $9085439754 045F $a909 $eDDC23BSB 045F/01 $a909 045F/03 $f09043 045F/03 $g438 045R $aGeschichte 1937-1938 lok: 47699095 24 exp: 47699095 24 1 #EPN 201B/01 $006-04-21 $t10:44:45.000 201C/01 $012-03-21 201U/01 $0utf8 203@/01 $01146621906 208@/01 $a06-04-21 $bz 209A/01 $a21.01463 $du $f050 $h21 01463 $x00 209C/01 $a21.01463 K $h21 01463 K 209G/01 $a74243576 $x00 220C/01 $aho-sz 247C/01 $8358050-7Marburg, Bibliothek des Herder-Instituts Marburg $9102600961 lok: 47699095 66 101B $029-03-23 $t09:50:52.000 101C $028-03-23 101U $0utf8 144Z/01 $aOperacja antypolska exp: 47699095 66 1 #EPN 201B/01 $028-03-23 $t11:23:33.000 201C/01 $028-03-23 201U/01 $0utf8 203@/01 $0123011047X 208@/01 $a28-03-23 $bz 209A/01 $aG Maciej/S $du $f000 $x00 209C/01 $a23/b237 247C/01 $8618123-5 Darmstadt, Bibliothek des Deutschen Polen-Instituts $9102600902 lok: 47699095 78 exp: 47699095 78 1 #EPN 201B/01 $011-11-25 $t11:35:34.000 201C/01 $011-11-25 201U/01 $0utf8 203@/01 $01322377448 208@/01 $a11-11-25 $be 209A/01 $a/ $f000 $x00 209A/01 $ab*p $x01 220C/01 $apgar 244Z/01 $#Generalgouvernement Polen $#Polska $#Rzeczpospolita Polska $#Polska Rzeczpospolita Ludowa $#Poland $#Pologne $#République Polonaise $#Generalne Gubernatorstwo w Polsce $#Polish People's Republic $#Polska Rzeczpospolita Polen $#PRL $#RP $#Polen Generalgouvernement $#Polska Generalgouvernement $#Besetzte Polnische Gebiete $#Besetztes Gebiet in Polen $#Okupowane Polskie Obszary $#Obszary Okupowane w Polsce $#Volksrepublik Polen $#Polska Rosyjska $#Republic Polen $#Respublika Pol'ša $#Pol'skaja Narodnaja Respublika $#République de Pologne $#Polen Links der Weichsel $#Polska po Lewej Stronie Wisły $#Lenkija $#Polija $#Gubernija Carstva Pol'skago $#Republik Polen $74046496-9 $8--Tg1--Polen $x01 $9085129801 247C/01 $82080>Marburg/Lahn, Herder-Institut, Forschungsbibliothek, Bibliographieportal $9336309341
| LEADER | 00000cam a2200000 c 4500 | ||
|---|---|---|---|
| 001 | 476990955 | ||
| 003 | DE-603 | ||
| 005 | 20210428114412.0 | ||
| 007 | tu | ||
| 008 | 210312s2021 xx |||| | u00||u|pol c | ||
| 020 | |a 9788375656770 | ||
| 035 | |a (DE-599)KXP1748024310 | ||
| 035 | |a (DE-627)1748024310 | ||
| 040 | |a DE-603 |b ger |c DE-603 |d DE-603 |e rda | ||
| 041 | |a pol | ||
| 082 | 0 | 4 | |8 1\u |a 909 |q DE-101 |2 23/BSB |
| 085 | |8 1\u |b 909 | ||
| 085 | |8 1\u |z 1 |s 09043 | ||
| 085 | |8 1\u |z 2 |s 438 | ||
| 100 | 1 | |a Maciejowski, Maciej |d 1972- |e Verfasser |4 aut |0 (DE-603)199015376 |0 (DE-588)135618320 |2 gnd | |
| 245 | 0 | 0 | |a Sprawcy operacji (anty)polskiej 1937-1938 |b szkice i biogramy |c Maciej Maciejowski |
| 264 | 1 | |a Łomianki |b Wydawnictwo LTW |c 2021 | |
| 300 | |a 234 Seiten |c 21 cm | ||
| 336 | |a Text |b txt |2 rdacontent | ||
| 337 | |a ohne Hilfsmittel zu benutzen |b n |2 rdamedia | ||
| 338 | |a Band |b nc |2 rdacarrier | ||
| 500 | |a Literaturverzeichnis: Seite 213-223 | ||
| 500 | |a Register | ||
| 610 | 1 | 7 | |a Obʺedinennoe Gosudarstvennoe Političeskoe Upravlenie |2 gnd |0 (DE-588)1041432488 |0 (DE-603)328230863 |
| 610 | 1 | 7 | |a Sowjetunion |b Narodnyj Komissariat Vnutrennich Del |2 gnd |0 (DE-588)42358-0 |0 (DE-603)040403734 |
| 648 | 7 | |a Geschichte 1937-1938 |2 gnd | |
| 650 | 7 | |a Polen |g Volk |0 (DE-588)4046497-0 |0 (DE-603)08512981X |2 gnd | |
| 650 | 7 | |a Verfolgung |0 (DE-588)4127664-4 |0 (DE-603)085439754 |2 gnd | |
| 655 | 7 | |a Biografie |2 gnd-content |0 (DE-588)4006804-3 |0 (DE-603)085010375 | |
| 856 | 4 | 2 | |m V:DE-603;B:DE-Mb50 |q application/pdf |u http://scans.hebis.de/HEBCGI/show.pl?47699095_toc.pdf |3 Inhaltsverzeichnis |
| 924 | 0 | |9 Mb 50 |a (DE-603)1146621906 |b DE-Mb50 |c HES |d c |g 21.01463 | |
| 924 | 0 | |9 Ds 123 |a (DE-603)123011047X |b DE-Ds123 |c HES |d d |g G Maciej/S | |
| 924 | 0 | |9 2080 |a (DE-603)1322377448 |b DE-2080 |c HES |d d |g / | |


